Loading...
Computer fundamentals and programming
| Hovedforfatter: | |
|---|---|
| Format: | Printed Book |
| Udgivet: |
New Delhi
Pearson Education
2013
|
| LEADER | 00409nam a22001217a 4500 | ||
|---|---|---|---|
| 020 | |a 9788131794741 | ||
| 082 | |a 005 |b KAM.C | ||
| 100 | |a Kamthane, Ashok N | ||
| 245 | |a Computer fundamentals and programming | ||
| 260 | |a New Delhi |b Pearson Education |c 2013 | ||
| 942 | |c BK | ||
| 999 | |c 20595 |d 20595 | ||
| 952 | |0 0 |1 0 |4 0 |6 005_000000000000000_KAM_C |7 0 |9 23131 |a CAMPUS |b CAMPUS |d 2017-10-06 |l 0 |o 005 KAM.C |p 17694 |r 2017-10-06 |w 2017-10-06 |y BK | ||